LDR 00912naa#a2200241#i#450# 001 EN\\bibl\123609 005 20260608024322.1 011 ## _a2076-0655 100 ## _a20260529b2026####ek#y0engy0150####ca 101 0# _aRUS 102 ## _aRU 200 1# _aTHERMAL INSULATION COMPOSITE MATERIAL BASED ON SODIUM SILICATE AND POLYURETHANE FOAM MATRIX _eJournal article 210 1# _aMoscow _cIndividual Entrepreneur Svetlana Vasilievna Samchenko _d2026 215 ## _a12 с. 608 ## _aJournal article _2local 675 ## _aПластмассы. Полимерные материалы. 691.175 _zRUS 686 ## _aСтроительные материалы и изделия. 67.09 _2grnti 700 #1 _aLipka _gPetr Aleksandrovich 700 #1 _aBorisenkov _gNikita Sergeevich 700 #1 _aMironova _gKsenia Aleksandrovna 700 #1 _aChesnokova _gDiana Sergeevna 700 #1 _aBruyako _gMikhail Gerasimovich 856 4# _atsilicates.ru _u